000 00280nam a2200121Ia 4500
008 190216s9999||||xx |||||||||||||| ||und||
100 _aTheodore Delevoryas
245 0 _aPalnt Diversification
260 _bAmerind Oub Co
_c1966
300 _a145p
650 _aBotany
942 _cBK
999 _c1137
_d1137